LEADER 00981nam a2200241 i 4500 001 991001934799707536 008 130128s2012 it a b 001 0dita d 020 $a9788878706217 035 $ab14094381-39ule_inst 040 $aBibl. Interfacoltà T. Pellegrino$bita 082 04$a011.0931 100 1 $aSabba, Fiammetta$0478002 245 14$aLa "Bibliotheca universalis" di Conrad Gesner :$bmonumento della cultura europea /$cFiammetta Sabba ; premessa di Alfredo Serrai 260 $aRoma :$bBulzoni,$c2012 300 $a186 p. :$bill. ;$c24 cm. 440 3$aIl bibliotecario ;$v25 600 14$aGessner, Conrad.$tBibliotheca universalis 907 $a.b14094381$b02-04-14$c28-01-13 912 $a991001934799707536 945 $aLE002 Bibl. Ris. 443/5$g1$i2002000893956$lle002$op$pE20.00$q-$rn$so $t0$u1$v0$w1$x0$y.i15476832$z28-01-13 996 $aBibliotheca universalis" di Conrad Gesner$9265870 997 $aUNISALENTO 998 $ale002$b28-01-13$cm$da $e-$fita$git $h4$i0 LEADER 01891oam 2200481M 450 001 9910716455603321 005 20200213071025.8 035 $a(CKB)5470000002521589 035 $a(OCoLC)1065742288 035 $a(OCoLC)995470000002521589 035 $a(EXLCZ)995470000002521589 100 $a20071213d1927 ua 0 101 0 $aeng 135 $aurcn||||||||| 181 $ctxt$2rdacontent 182 $cc$2rdamedia 183 $acr$2rdacarrier 200 10$aTo ratify and amend an agreement with the Indians residing on the Shoshone or Wind River Indian Reservation, Wyo. February 19, 1927. -- Referred to the House Calendar and ordered to be printed 210 1$a[Washington, D.C.] :$c[U.S. Government Printing Office],$d1927. 215 $a1 online resource (3 pages) 225 1 $aHouse report / 69th Congress, 2nd session. House ;$vno. 2163 225 1 $a[United States congressional serial set] ;$v[serial no. 8689] 300 $aBatch processed record: Metadata reviewed, not verified. Some fields updated by batch processes. 300 $aFDLP item number not assigned. 606 $aIndian land transfers 606 $aIndian reservations 606 $aLegislative amendments 606 $aMining claims 608 $aLegislative materials.$2lcgft 615 0$aIndian land transfers. 615 0$aIndian reservations. 615 0$aLegislative amendments. 615 0$aMining claims. 701 $aWilliamson$b William$f1875-1972$pRepublican (SD)$01386808 801 0$bWYU 801 1$bWYU 801 2$bOCLCO 801 2$bOCLCQ 801 2$bOCLCO 906 $aBOOK 912 $a9910716455603321 996 $aTo ratify and amend an agreement with the Indians residing on the Shoshone or Wind River Indian Reservation, Wyo. February 19, 1927. -- Referred to the House Calendar and ordered to be printed$93442800 997 $aUNINA